Cartes illustrées "Catégoriser" (Record no. 148)

MARC details
000 -LEADER
Leader 00675npm a2200157 4500
003 - IDENTIFIANT DE NUMÉRO DE CONTRÔLE
champ de contrôle OSt
005 - DATE ET HEURE DE LA DERNIÈRE TRANSACTION
champ de contrôle 20250405154513.0
008 - Éléments de longueur fixe - Renseignements généraux
Leader 250311b |||||||| |||| 00| 0 fre d
040 ## - SOURCE DE CATALOGAGE
Agence transcriptrice autismepaimpol.fr
245 ## - Titre
Titre Cartes illustrées "Catégoriser"
246 ## - Pour qui ? Pour quoi ?
Pour quoi ? Pour qui ? S'entraîner à trier et à classer
942 ## - Type d'objet
Type d'objet Cartes Photo
500 ## - Description
Description Le pack contient 39 cartes réparties en 13 catégories différentes, chaque catégorie étant constituée d'un jeu de 3 cartes.
520 ## - Abrégé
Abrégé Les cartes sont conçues pour améliorer le discernement et les compétences de communication. <br/>
562 ## - NOTE D'IDENTIFICATION DE L'EXEMPLAIRE ET DE LA VERSION
Format de présentation Les cartes mesurent : 14x15 cm et sont livrées dans une boîte de rangement pratique.
999 ## -
-- 148
-- 148
Holdings
Statut retiré des collections Statut perdu Source de classification / plan de classement Statut endommagé Exclu du prêt Site de rattachement Site actuel Date d'acquisition Total des prêts Code à barres Vu en dernier Prix effectif de Type de document Koha
    Classification décimale de Dewey     Autisme Paimpol - Matériel Autisme Paimpol - Matériel 11/03/2025   85 11/03/2025 11/03/2025 Cartes Photo

Powered by Koha